000 01260nam a22003017a 4500
001 8763
003 FISKH
005 20251017135258.0
008 251017b cb ||||| |||| 00| 0 eng d
020 _a9789996389184
040 _aFISKH
_bkhr
_cFISKH
_dFISKH
050 _aPZ7
082 _a398.2
100 _aAnonymous
245 _aកញ្ជ្រោងនិងពពែ :
_bThe fox and the goat /
_cBy Anonymous
260 _aភ្នំពេញ :
_bក្រុមហ៊ុន អផ្សុក ,​
_c2015.
300 _a11 pages :
_bcolor illustrations ;
_c21 cm .
490 _aនិទានអប់រំសម្រាប់កុមារ
505 _aF
520 _aរឿងនេះចង់អប់រំមនុស្សអោយគិតពិចារណាអោយបានច្បាស់មុននឹងជឿអ្នកដទៃ ។​
520 _aThis story aims to teach people to think carefully before believing others
521 8 _a300
_bLexile estimate
521 8 _aF
_bRaz-Plus
650 _aកញ្ជ្រោងនិងពពែ
_vរឿងនិទានកុមារ
650 _aThe fox and the goat
_vChildren's stories
942 _2ddc
_cKHB
_n0
999 _c8763
_d8763